| 000 | 00760nam a2200241 i 4500 | ||
|---|---|---|---|
| 001 | 15551 | ||
| 003 | ES-MaACL | ||
| 005 | 20250812224801.0 | ||
| 007 | t| | ||
| 008 | 000330s1999 sp ||||1| spa d | ||
| 020 | _a84-206-5434-5 | ||
| 080 | _a821.134.2-14"19" | ||
| 100 | 1 |
_aValente, José Ángel, _d1929-2000 _9112590 |
|
| 245 | 1 | 0 |
_aObra poética / _cJosé Angel Valente. |
| 250 | _a1ª ed., 1ª reimp. | ||
| 260 |
_aMadrid : _bAlianza Editorial, _c1999. |
||
| 300 |
_a2 v. ; _c20 cm. |
||
| 490 | 1 | _aAlianza literaria | |
| 505 | 8 | _aObra poética 1: punto cero (1953-1976) -- Obra poética 2: material memoria (1977-1992) | |
| 830 | 0 | 0 |
_aAlianza literaria _9179757 |
| 852 |
_aES-MaACL _jL-22732-33 _bR.128029 |
||
| 999 |
_c15551 _d15551 |
||